| 000 | 00758nam a22002057a 4500 | ||
|---|---|---|---|
| 005 | 20080624151852.0 | ||
| 008 | 080624t xxu||||| |||| 00| 0 hin d | ||
| 010 | _aHIN-46027 | ||
| 020 | _c50.00 | ||
| 035 | _aHN-27349 | ||
| 037 | _bDBAD | ||
| 040 |
_adpl _bHN |
||
| 082 | _a181.492 / कनक | ||
| 100 | _aकनकश्री | ||
| 245 |
_aजोत जले बिन बाती / _cकनकश्री |
||
| 260 |
_aचूरू _bआदर्श साहित्य संघ _c1999 |
||
| 300 |
_a202पृ. _c23सेमी. |
||
| 942 |
_cHN _2ddc _h181.492 _m कनक |
||
| 999 |
_c13951 _d13951 |
||